000 00465nam a2200157 a 4500
001 000047832
005 20201002060750.0
008 180828s1990 dr 000 spa d
040 _aDO-SdBNP
_bspa
_cBNPHU
082 _axxx
_bF761
100 1 _aGarcía, Wilfredo
_959135
245 0 _aFotografía :. :
_bun arte para nuestro siglo /
_cWilfredo García.
260 _aSanto Domingo :
_bCorripio,
_c1990.
300 _a356 p. ;
_c23 cm.
590 _aInventariado,2018/DG
999 _c47320
_d47320